Statystyki dla Miasta, w których znajduje się sieć metra

Kliknij tutaj aby rozwiązać quiz!

Ogólne statystyki

  • Ten quiz został rozwiązany 70 razy
  • Średni wynik to 69 z 151

Statystyki odpowiedzi

KrajMiasto% Poprawnych
AustriaWiedeń
98%
BelgiaBruksela
95%
BiałoruśMińsk
95%
FrancjaParyż
95%
HiszpaniaMadryt
93%
ChinyPekin
93%
HiszpaniaBarcelona
91%
JaponiaTokio
91%
PolskaWarszawa
91%
FinlandiaHelsinki
89%
EgiptKair
89%
BrazyliaRio de Janeiro
89%
DaniaKopenhaga
88%
RosjaMoskwa
88%
Stany ZjednoczoneNowy Jork
88%
CzechyPraga
88%
ArgentynaBuenos Aires
86%
IndieNowe Delhi
86%
RosjaPetersburg
86%
AlgieriaAlgier
84%
AzerbejdżanBaku
84%
NiemcyBerlin
84%
Korea PołudniowaSeul
84%
HolandiaAmsterdam
82%
Stany ZjednoczoneLos Angeles
82%
FrancjaMarsylia
82%
GrecjaAteny
80%
BrazyliaBrasília
80%
UkrainaKijów
80%
Wielka BrytaniaLondyn
80%
FrancjaLyon
80%
MeksykMeksyk
80%
ChileSantiago
80%
ChinySzanghaj
80%
SzwecjaSztokholm
80%
PortugaliaLizbona
79%
NiemcyMonachium
79%
NorwegiaOslo
79%
WłochyRzym
79%
TurcjaAnkara
77%
PortugaliaPorto
77%
BrazyliaSão Paulo
77%
TurcjaStambuł
77%
KanadaToronto
77%
Stany ZjednoczoneWaszyngton
77%
WęgryBudapeszt
75%
RumuniaBukareszt
75%
Chiny/HongkongHongkong
75%
SingapurSingapur
75%
ArmeniaErywań
73%
NiemcyHamburg
73%
HolandiaRotterdam
73%
HiszpaniaSewilla
68%
BułgariaSofia
68%
IranTeheran
68%
Stany ZjednoczoneChicago
66%
Zjednoczone Emiraty ArabskieDubaj
66%
FilipinyManila
66%
WłochyNeapol
66%
WłochyMediolan
64%
GruzjaTbilisi
64%
JaponiaOsaka
63%
TajlandiaBangkok
59%
HiszpaniaBilbao
55%
TajwanTajpej
55%
WłochyTuryn
55%
KanadaVancouver
55%
ChinyWuhan
55%
Stany ZjednoczoneMiami
54%
KanadaMontreal
54%
PanamaPanamá
54%
UkrainaCharków
52%
Wielka BrytaniaGlasgow
52%
Arabia SaudyjskaMekka
52%
IndieMumbaj
52%
WenezuelaCaracas
50%
Korea PółnocnaPjongjang
50%
Stany ZjednoczoneSan Francisco
48%
Stany ZjednoczoneBoston
45%
JaponiaKioto
45%
MalezjaKuala Lumpur
45%
FrancjaLille
45%
DominikanaSanto Domingo
43%
RosjaKazań
38%
FrancjaTuluza
38%
ChinyKanton
36%
Stany ZjednoczoneFiladelfia
34%
JaponiaSapporo
34%
JaponiaHiroszima
32%
SzwajcariaLozanna
29%
NiemcyNorymberga
29%
BrazyliaBelo Horizonte
27%
UkrainaDniepr
25%
WłochyGenua
25%
IndieKolkata
25%
KolumbiaMedellín
25%
BrazyliaPorto Alegre
25%
RosjaJekaterynburg
23%
RosjaNowosybirsk
23%
UzbekistanTaszkent
23%
TurcjaIzmir
21%
JaponiaJokohama
21%
JaponiaNagoja
21%
RosjaNiżny Nowogród
21%
FrancjaRennes
21%
BrazyliaFortaleza
16%
JaponiaKobe
16%
Korea PołudniowaPusan
16%
RosjaSamara
16%
ChinyXi’an
16%
Stany ZjednoczoneAtlanta
14%
ChinyNankin
13%
ChinyTiencin
13%
IndieĆennaj
11%
Wielka BrytaniaNewcastle
11%
HiszpaniaPalma
11%
BrazyliaSalvador
11%
PortorykoSan Juan
11%
Stany ZjednoczoneBaltimore
9%
ChinyChongqing
9%
MeksykMonterry
9%
ChinyShenzhen
9%
TurcjaAdana
7%
KazachstanAłma-Ata
7%
TurcjaBursa
7%
ChinyChengdu
7%
BrazyliaRecife
7%
WłochyBrescia
5%
Korea PołudniowaDaegu
5%
ChinyHarbin
5%
Stany ZjednoczoneCleveland
4%
Korea PołudniowaDaejeon
4%
ChinyDalian
4%
JaponiaFukuoka
4%
Korea PołudniowaGwangju
4%
ChinyZhengzhou
4%
IranMeszhed
2%
JaponiaSendai
2%
ChinySuzhou
2%
ChinyWuxi
2%
IndieBangalore
0%
ChinyChangsha
0%
ChinyFoshan
0%
IndieGurgaon
0%
ChinyHangzhou
0%
Korea PołudniowaIncheon
0%
TajwanKaohsiung
0%
ChinyKunming
0%
WenezuelaLos Teques
0%
ChinyShenyang
0%
TajwanTaoyuan
0%

Rozkład punktacji

Percentyl według liczby udzielonych odpowiedzi

Procent ludzi z każdym wynikiem

Twoja historia wyników

Nie rozwiązałeś tego quizu